| 000 | 00424nam a2200181Ia 4500 | ||
|---|---|---|---|
| 001 | 17410 | ||
| 005 | 20260306171515.0 | ||
| 008 | 260306s9999||||xx |||||||||||||| ||und|| | ||
| 041 | _aESP | ||
| 082 |
_a657.9 _bF43 |
||
| 100 |
_aFerrer Piqueras, Manuel _eAUT |
||
| 245 | 0 | _aContabilidad de sociedades | |
| 260 | _c1998 | ||
| 300 |
_a283 páginas : _ccm. |
||
| 650 | _aGEN | ||
| 654 | _aCCO | ||
| 942 |
_cLIB _dJUS _fJUS _2ddc _n |
||
| 999 |
_c17410 _d17410 |
||